000
00221nam a22000857a 4500
008
170131b xxu||||| |||| 00| 0 eng d
100
_9
2704
_a
Gifferd. T. V
245
_a
Medien and KommuniKation
260
_a
UK
_b
Gerstenberg
_c
2000
999
_c
5865
_d
5865